02437nam a2200433 i 4500003001000000005001700010007000300027008004100030020001800071040003500089041000800124043001200132084001100144100004700155245004800202250002300250264005900273300002600332336002700358337003300385338002800418521005600446600005800502650005500560650005900615650004800674651005000722942001500772999001700787952013000804952013100934952012801065952013201193952012901325952012801454952013001582952012801712952016301840CO-BoRNBP20250305163120.0ta231128s2023 ck er ||0 f spa | a9786287665613 aCO-BoRNBPbspaerdacCO-BoRNBP hspa 0s-ck--- aN PAL61 aPalacios, Arnoldod1924-2015eautor95912310aBuscando mi madrededióscArnoldo Palacios aEdición especial 1aBogotá, ColombiabEditorial Planeta Colombianac2023 a500 páginasc23 cm  atextobtxt2rdacontent asin mediaciónbn2rdamedia avolumenbnc2rdacarrier aRecomendado para un público mayor de 12 años 14aPalacios, Arnoldod1924-2015vAutobiografía 95912417aNovela juvenil colombiana ySiglo XX2ARMARC9158417aLiteratura juvenil colombiana ySiglo XX2ARMARC9158517aVida cotidiana en la literatura2ARMARC967 4aChocó (Colombia) xVida social y costumbres 2loccBKLIT c57016d57016 00102ddc40708GENaMEGUAMALbMEGUAMALcLITd2025-03-05l0oN PAL6pGUA004862r2025-03-05 16:32:08tEj.1w2025-03-05yBKLIT 00102ddc40708GENaMEPLLERASbMEPLLERAScLITd2025-08-15l0oN PAL6pPLL00313r2025-08-15 16:15:53tEj.1w2025-08-15yBKLIT 00102ddc40708GENaMESGUARObMESGUAROcLITd2025-08-19l0oN PAL6pSG03984r2025-08-19 16:26:33tEj.1w2025-08-19yBKLIT 00102ddc40708GENaMEMAPIRIbMEMAPIRIcLITd2025-08-21l0oN PAL6pMAP00004404r2025-08-21 20:47:08tEj.1w2025-08-21yBKLIT 00102lcc40708GENaMESJUANIbMESJUANIcLITd2025-08-25l0oN PAL6pSJU01721r2025-08-25 20:08:00tEj.1w2025-08-25yBKLIT 00102ddc40708GENaMECASTILbMECASTILcLITd2025-09-23l0oN PAL6pEC02996r2025-09-23 20:04:51tEj.1w2025-09-23yBKLIT 00102lcc40708GENaMECABUYAbMECABUYAcLITd2025-09-26l0oN PAL6pCAB001283r2025-09-26 19:29:00tEj.1w2025-09-26yBKLIT 00102ddc40708GENaMESMARTIbMESMARTIcGENd2025-09-30l0oN PAL6pSM04237r2025-09-30 13:01:43tEj.1w2025-09-30yBKLIT 00102ddc40708012aMEGRANADbMEGRANADcLITd2026-03-17eBIBLIOTECA NACIONAL DE COLOMBIAl0oN PAL6pGRDA05284r2026-03-17 20:26:45tEj.1w2026-03-17yBKLIT